Maior cidade de cada país americano! - Statistics

Estatísticas Gerais
  • Esse quiz foi jogado 62 vezes
  • A pontuação média é 5 de 35
Estatísticas das Respostas
País Maior cidade % Correto
Brasil São Paulo
100%
Estados Unidos Nova York
83%
Canadá Toronto
77%
Bolívia Santa Cruz
40%
Argentina Córdoba
35%
Equador Guayaquil
35%
Venezuela Maracaibo
23%
Paraguai Ciudad del Este
21%
Peru Arequipa
17%
Uruguai Salto
17%
Cuba Santiago de Cuba
15%
Honduras San Pedro Sula
4%
Antígua e Barbuda Codrington
2%
Bahamas Freeport
2%
Guiana Linden
2%
Dominica Portsmouth
2%
Chile Puente Alto
2%
Belize San Ignacio/Santa Elena
2%
El Salvador Santa Ana
2%
Barbados Speightstown
2%
São Cristóvão e Névis Bisée
0%
Haiti Carrefour
0%
Santa Lúcia Cayon
0%
Trinidad e Tobado Chaguanas
0%
México Ecatepec de Morelos
0%
Granada Gouyave
0%
São Vicente e Granadinas Kingstown Park
0%
Suriname Lelydorp
0%
Nicarágua León
0%
Colômbia Meddellín
0%
Guatemala Mixco
0%
Jamaica Nova Kingston
0%
Costa Rica Puerto Limón
0%
Panamá San Miguelito
0%
República Dominicana Santiago de los Caballeros
0%
Nenhum quiz correspondente encontrado
Distribuição das Pontuações
Porcentagem de Pessoas com Cada Pontuação
Percentil de Números Respondidos
Sua Pontuação Histórica
Você não jogou esse quiz